[Event "VIE-ch U15"]
[Site "Ho Chi Minh City"]
[Date "2022.07.14"]
[Round "6"]
[White "An, Dinh Minh"]
[Black "Pham, Truong Phu"]
[Result "1-0"]
[WhiteElo "2286"]
[BlackElo "2304"]
[PlyCount "85"]
[EventDate "2022.07.11"]
[EventType "swiss"]
[EventRounds "9"]
[EventCountry "VIE"]
[SourceTitle "EXT 2023"]
[Source "ChessBase"]
[SourceDate "2022.10.05"]
[SourceVersion "1"]
[SourceVersionDate "2022.10.05"]
[SourceQuality "1"]

1. e4 g6 2. Nf3 Bg7 3. d3 d6 4. g3 Nf6 5. Bg2 0-0 6. 0-0 c5 7. Nbd2 Nc6 8. c3 Nd7 9. Re1 Rb8 10. a3 b5 11. Nf1 b4 12. axb4 cxb4 13. d4 Nb6 14. Ne3 Qc7 15. Nd2 a5 16. Bf1 e6 17. f4 a4 18. Qc2 Bd7 19. Nf3 Rfc8 20. Qd1 d5 21. exd5 exd5 22. cxb4 Nxb4 23. Bd2 Nc2 24. Nxc2 Qxc2 25. Qxc2 Rxc2 26. Bc3 Bf5 27. Re3 a3 28. Rxa3 Rc1 29. Re1 Rxe1 30. Nxe1 Nc4 31. Bxc4 dxc4 32. Nf3 Be6 33. Ra5 Rd8 34. Kf2 Bd5 35. Ne5 Bxe5 36. fxe5 Be6 37. Ke3 Rd5 38. Ke4 Rxa5 39. Bxa5 Bf5+ 40. Kd5 Bd3 41. Bb4 Kg7 42. Be7 f5 43. e6 1-0

[Event "VIE-ch U15"]
[Site "Ho Chi Minh City"]
[Date "2022.07.11"]
[Round "1"]
[White "Tong, Hai Anh"]
[Black "Pham, Truong Phu"]
[Result "1/2-1/2"]
[WhiteElo "2291"]
[BlackElo "2304"]
[PlyCount "126"]
[EventDate "2022.07.11"]
[EventType "swiss"]
[EventRounds "9"]
[EventCountry "VIE"]
[SourceTitle "EXT 2023"]
[Source "ChessBase"]
[SourceDate "2022.10.05"]
[SourceVersion "1"]
[SourceVersionDate "2022.10.05"]
[SourceQuality "1"]

1. Nf3 Nf6 2. g3 g6 3. Bg2 Bg7 4. 0-0 0-0 5. c4 d6 6. Nc3 e5 7. d3 Re8 8. Nd2 Nbd7 9. Rb1 h6 10. b4 Nf8 11. Nb3 c6 12. Qc2 N6h7 13. a4 Be6 14. b5 Rc8 15. Be3 d5 16. Bxa7 dxc4 17. dxc4 cxb5 18. c5 b4 19. Nb5 e4 20. Bxe4 Qe7 21. Nd6 Ra8 22. Nxe8 Rxe8 23. Bg2 Bc3 24. Na5 Bf5 25. e4 Be6 26. Nb3 Ra8 27. Bb6 Rxa4 28. Nc1 Ra8 29. Ne2 Bc4 30. Nxc3 bxc3 31. Rfd1 Qf6 32. Ra1 Rxa1 33. Rxa1 Ne6 34. e5 Qxe5 35. Qe4 Qd4 36. Rc1 Qd2 37. Qe1 Bb3 38. Ba5 Nd4 39. Qxd2 cxd2 40. Bxd2 Ne2+ 41. Kh1 Nxc1 42. Bxc1 Nf6 43. Bxb7 h5 44. Kg2 Bd5+ 45. Bxd5 Nxd5 46. Kf3 f5 47. h4 Kf7 48. Ke2 Nb4 49. Kd2 Ke6 50. Ke3 Kd5 51. Kf3 Nd3 52. Be3 Ne5+ 53. Kf4 Nf7 54. f3 Ke6 55. g4 fxg4 56. fxg4 hxg4 57. Kxg4 Ne5+ 58. Kf4 Nc6 59. Ke4 Ne7 60. Bd4 Nf5 61. Bf2 Ne7 62. Kd4 Nc6+ 63. Kc4 Ne5+ 1/2-1/2

[Event "VIE-ch U15"]
[Site "Hanoi"]
[Date "2022.06.17"]
[Round "9"]
[White "Pham, Truong Phu"]
[Black "Nguyen, Thanh Liem"]
[Result "1/2-1/2"]
[WhiteElo "2306"]
[BlackElo "2312"]
[PlyCount "32"]
[EventDate "2022.06.11"]
[EventType "swiss"]
[EventRounds "9"]
[EventCountry "VIE"]
[SourceTitle "EXT 2023"]
[Source "ChessBase"]
[SourceDate "2022.10.05"]
[SourceVersion "1"]
[SourceVersionDate "2022.10.05"]
[SourceQuality "1"]

1. d4 d5 2. c4 e6 3. Nc3 Nf6 4. Bg5 Be7 5. Nf3 0-0 6. e3 c6 7. Bd3 Nbd7 8. Rc1 Re8 9. 0-0 Nf8 10. Qe2 Ng6 11. Rfd1 b6 12. g3 Bb7 13. Bxf6 Bxf6 14. e4 dxe4 15. Bxe4 Qe7 16. c5 Rad8 1/2-1/2

[Event "VIE-ch U15"]
[Site "Hanoi"]
[Date "2022.06.15"]
[Round "7"]
[White "Luu, Quoc Viet"]
[Black "Pham, Truong Phu"]
[Result "0-1"]
[WhiteElo "2302"]
[BlackElo "2306"]
[PlyCount "67"]
[EventDate "2022.06.11"]
[EventType "swiss"]
[EventRounds "9"]
[EventCountry "VIE"]
[SourceTitle "EXT 2023"]
[Source "ChessBase"]
[SourceDate "2022.10.05"]
[SourceVersion "1"]
[SourceVersionDate "2022.10.05"]
[SourceQuality "1"]

1. d4 d5 2. c4 c6 3. Nc3 Nf6 4. Nf3 dxc4 5. a4 Bf5 6. Ne5 e6 7. f3 Bb4 8. e4 Bxe4 9. fxe4 Nxe4 10. Bd2 Qxd4 11. Nxe4 Qxe4+ 12. Qe2 Bxd2+ 13. Kxd2 Qd5+ 14. Kc2 Na6 15. Nxc4 0-0-0 16. Rd1 Nb4+ 17. Kc1 Qf5 18. Nd6+ Rxd6 19. Rxd6 Qc5+ 20. Qc4 Qxd6 21. Be2 Nd5 22. g3 Qe5 23. Kb1 Ne3 24. Qd3 Rd8 25. Qxh7 Nf5 26. Re1 Qe4+ 27. Ka1 Qxa4+ 28. Kb1 Qb4 29. Rc1 Qe4+ 30. Rc2 Rd2 31. Qg8+ Kc7 32. Qxf7+ Kb6 33. Bd1 Rxd1+ 34. Ka2 0-1

[Event "VIE-ch U15"]
[Site "Hanoi"]
[Date "2022.06.13"]
[Round "3"]
[White "Dang, Anh Minh"]
[Black "Pham, Truong Phu"]
[Result "1/2-1/2"]
[WhiteElo "2311"]
[BlackElo "2306"]
[PlyCount "160"]
[EventDate "2022.06.11"]
[EventType "swiss"]
[EventRounds "9"]
[EventCountry "VIE"]
[SourceTitle "EXT 2023"]
[Source "ChessBase"]
[SourceDate "2022.10.05"]
[SourceVersion "1"]
[SourceVersionDate "2022.10.05"]
[SourceQuality "1"]

1. d4 Nf6 2. c4 g6 3. Nc3 Bg7 4. e4 0-0 5. Nf3 d6 6. Be2 e5 7. 0-0 Nbd7 8. Re1 Re8 9. Bf1 c6 10. Rb1 Qc7 11. b4 exd4 12. Nxd4 a6 13. f3 d5 14. exd5 Rxe1 15. Qxe1 Nxd5 16. Nde2 Nxc3 17. Nxc3 Qe5 18. Bb2 Qxe1 19. Rxe1 Bd4+ 20. Kh1 Nf6 21. Rd1 Be5 22. Na4 Bxb2 23. Rd8+ Kg7 24. Nxb2 b5 25. a4 a5 26. bxa5 bxa4 27. Nxa4 Rxa5 28. Rxc8 Rxa4 29. Rxc6 Ra2 30. Kg1 Nd7 31. h3 Nf8 32. Rd6 Ne6 33. Rd1 Rc2 34. Bd3 Rb2 35. Rc1 Nc5 36. Bf1 Kf6 37. Kh2 h5 38. Kg3 Nb3 39. Rd1 Nd2 40. Bd3 Ke5 41. c5 Kd4 42. Bb5 Rxb5 43. Rxd2+ Kxc5 44. Rd7 f6 45. h4 Kc6 46. Rg7 Kd6 47. Rxg6 Ke6 48. Rg7 Kf5 49. Kh3 Rb3 50. Rh7 Kg6 51. Rc7 Ra3 52. Rc4 Rb3 53. Kg3 Rb2 54. Kh3 Rb3 55. Rf4 Rb1 56. g4 hxg4+ 57. fxg4 Rh1+ 58. Kg3 Rg1+ 59. Kh2 Ra1 60. Rf3 Rb1 61. Kg3 Rg1+ 62. Kf4 Ra1 63. h5+ Kg7 64. Rd3 Ra4+ 65. Kf5 Ra5+ 66. Ke4 Ra4+ 67. Rd4 Ra7 68. Kf4 Kf7 69. Rd5 Ke6 70. Rb5 Ra4+ 71. Kg3 Kf7 72. Rb7+ Kg8 73. h6 Ra1 74. Rg7+ Kf8 75. Rg6 Kf7 76. Rg7+ Kf8 77. Kg2 Ra2+ 78. Kf3 Rh2 79. Rh7 Kg8 80. Rg7+ Kf8 1/2-1/2

[Event "VIE-ch U13"]
[Site "Hanoi"]
[Date "2020.??.??"]
[Round "1"]
[White "Dang, Anh Minh"]
[Black "Pham, Truong Phu"]
[Result "1-0"]
[WhiteElo "2014"]
[BlackElo "2317"]
[PlyCount "97"]
[EventDate "2020.10.22"]
[EventType "tourn"]
[EventRounds "9"]
[EventCountry "VIE"]
[SourceTitle "EXT 2022"]
[Source "ChessBase"]
[SourceDate "2021.10.06"]
[SourceVersion "1"]
[SourceVersionDate "2021.10.06"]
[SourceQuality "1"]

1. d4 d5 2. c4 c6 3. Nf3 Nf6 4. Nc3 dxc4 5. a4 Bf5 6. e3 e6 7. Bxc4 Bb4 8. 0-0 0-0 9. Qe2 Bg6 10. Ne5 Bh5 11. f3 Nbd7 12. Nd3 Bd6 13. e4 e5 14. dxe5 Nxe5 15. Nxe5 Bxe5 16. g4 Bg6 17. Be3 Qc7 18. Rad1 Rfe8 19. Qf2 h6 20. Kh1 b6 21. Bd4 Rad8 22. Ne2 Bxd4 23. Nxd4 c5 24. Ne2 Qe5 25. b3 Nh7 26. Qg3 Qf6 27. Nf4 Rxd1 28. Rxd1 Ng5 29. h4 Ne6 30. Nxe6 fxe6 31. e5 Qe7 32. Rd6 Bf7 33. g5 hxg5 34. hxg5 g6 35. f4 Kg7 36. Kg1 Rh8 37. Qf3 Rh4 38. Bb5 Qf8 39. Rd7 Qh8 40. Bc4 Rh3 41. Rxf7+ Kxf7 42. Qb7+ Kf8 43. Qc8+ Ke7 44. Qxe6+ Kd8 45. Qd6+ Ke8 46. Bb5+ Kf7 47. Qd7+ Kf8 48. Qe8+ Kg7 49. Qe7+ 1-0

[Event "VIE-ch U13"]
[Site "Hanoi"]
[Date "2020.??.??"]
[Round "6"]
[White "Pham, Truong Phu"]
[Black "Bach, The Vinh"]
[Result "1-0"]
[WhiteElo "2317"]
[BlackElo "2319"]
[PlyCount "77"]
[EventDate "2020.10.22"]
[EventType "tourn"]
[EventRounds "9"]
[EventCountry "VIE"]
[SourceTitle "EXT 2022"]
[Source "ChessBase"]
[SourceDate "2021.10.06"]
[SourceVersion "1"]
[SourceVersionDate "2021.10.06"]
[SourceQuality "1"]

1. Nf3 Nf6 2. g3 b6 3. Bg2 Bb7 4. 0-0 e6 5. d4 d5 6. c3 Nbd7 7. Bf4 Ne4 8. Nbd2 Bd6 9. Nxe4 Bxf4 10. gxf4 dxe4 11. Nd2 Nf6 12. e3 0-0 13. Qc2 c5 14. Nxe4 Nxe4 15. Bxe4 Bxe4 16. Qxe4 cxd4 17. cxd4 Qh4 18. Qf3 Rac8 19. Rac1 h6 20. Qg3 Qe7 21. a3 Rxc1 22. Rxc1 Rd8 23. Qf3 g6 24. Kf1 Qh4 25. Rc7 a5 26. h3 Rb8 27. Ke2 Qd8 28. Qc6 b5 29. Rb7 Rxb7 30. Qxb7 Qh4 31. Qxb5 Qxh3 32. Qxa5 Qg4+ 33. Kd2 h5 34. b4 h4 35. b5 h3 36. b6 h2 37. b7 h1Q 38. b8Q+ Kg7 39. Qae5+ 1-0

[Event "VIE-ch U13"]
[Site "Hanoi"]
[Date "2020.??.??"]
[Round "4"]
[White "Pham, Truong Phu"]
[Black "Bui, Dang Khoa"]
[Result "1/2-1/2"]
[WhiteElo "2317"]
[BlackElo "2320"]
[PlyCount "140"]
[EventDate "2020.10.22"]
[EventType "tourn"]
[EventRounds "9"]
[EventCountry "VIE"]
[SourceTitle "EXT 2022"]
[Source "ChessBase"]
[SourceDate "2021.10.06"]
[SourceVersion "1"]
[SourceVersionDate "2021.10.06"]
[SourceQuality "1"]

1. d4 Nf6 2. c4 c5 3. d5 b5 4. Nf3 d6 5. Qc2 g6 6. e4 Bg7 7. cxb5 a6 8. Nc3 0-0 9. Bf4 Bd7 10. a4 axb5 11. Bxb5 Bxb5 12. Nxb5 Na6 13. 0-0 Nb4 14. Qe2 Nd7 15. Rfd1 Nb6 16. Nc3 Ra5 17. e5 Qd7 18. Rd2 Rfa8 19. b3 Rc8 20. Rad1 Qf5 21. Qe4 Qxe4 22. Nxe4 dxe5 23. Bxe5 c4 24. Bxg7 Kxg7 25. bxc4 Rxc4 26. Ng3 N6xd5 27. h3 Nf6 28. Nf1 Rxa4 29. Ne3 Rc7 30. Rd4 Rca7 31. Ne5 Na2 32. Kh2 Rxd4 33. Rxd4 Nc3 34. g4 e6 35. Kg2 Nfd5 36. N3c4 Ne2 37. Re4 Nec3 38. Rd4 f6 39. Nc6 Ra4 40. Ne3 Rxd4 41. Nxd4 Nxe3+ 42. fxe3 Kf7 43. Kf3 e5 44. Nb3 Ke6 45. Nc5+ Kd5 46. Nd7 e4+ 47. Kf2 Ke6 48. Nc5+ Kd6 49. Nb3 Kd5 50. Nd4 Kc4 51. Ne6 Kd3 52. Nc5+ Kd2 53. Nb3+ Kd3 54. Nc5+ Kc4 55. Ne6 Nd5 56. Ke2 Ne7 57. g5 fxg5 58. Nxg5 Kd5 59. Nxh7 Ke5 60. Kf2 Kf5 61. Nf8 Nc6 62. Nd7 Nd8 63. Nb6 Nf7 64. Nc4 Ng5 65. Kg3 Nf7 66. h4 Nd8 67. Nd6+ Ke5 68. Nc4+ Kf5 69. Nd6+ Ke5 70. Nc4+ Kf5 1/2-1/2

[Event "VIE-ch U13"]
[Site "Hanoi"]
[Date "2020.??.??"]
[Round "8"]
[White "Pham, Truong Phu"]
[Black "Ngo, Nhat Minh"]
[Result "1-0"]
[WhiteElo "2317"]
[BlackElo "2318"]
[PlyCount "123"]
[EventDate "2020.10.22"]
[EventType "tourn"]
[EventRounds "9"]
[EventCountry "VIE"]
[SourceTitle "EXT 2022"]
[Source "ChessBase"]
[SourceDate "2021.10.06"]
[SourceVersion "1"]
[SourceVersionDate "2021.10.06"]
[SourceQuality "1"]

1. d4 d6 2. Nf3 b6 3. g3 Bb7 4. Bg2 Nf6 5. 0-0 g6 6. c3 Bg7 7. Nbd2 0-0 8. Re1 c5 9. e4 h5 10. d5 Nh7 11. Nf1 Bc8 12. Bf4 Bg4 13. h3 Bxf3 14. Bxf3 b5 15. Qd2 Nd7 16. Be2 a6 17. Be3 Ndf6 18. Qc2 Qc8 19. Kg2 b4 20. c4 a5 21. Rad1 a4 22. Qd3 Nd7 23. Qb1 a3 24. b3 Kh8 25. f4 Rg8 26. Nd2 Bf6 27. Nf3 Nb6 28. h4 Bc3 29. Rh1 Nd7 30. Ng5 Rg7 31. Nh3 Ndf6 32. Nf2 Qd7 33. Bf3 Re8 34. Rd3 Bb2 35. Qd1 Ng8 36. Qe2 Nhf6 37. Rb1 Kh7 38. Nd1 Nh6 39. Nxb2 axb2 40. Qxb2 Nhg4 41. Bg1 Ra8 42. Re1 Ng8 43. e5 N8h6 44. Qe2 Qa7 45. Rd2 Rgg8 46. Qd3 Qc7 47. Rde2 dxe5 48. fxe5 Nf5 49. d6 exd6 50. exd6 Rad8 51. Qxf5 Rxd6 52. Qf4 Qd8 53. Bxg4 hxg4 54. Bxc5 Rf6 55. Qd4 Qa8+ 56. Qd5 Qb8 57. Qe5 Qb7+ 58. Qd5 Qb8 59. Re7 Rg7 60. Bd4 Rf3 61. Qe5 Qa8 62. Qxg7# 1-0

[Event "Hanoi op"]
[Site "Hanoi"]
[Date "2019.02.24"]
[Round "5"]
[White "Nguyen, Thien Ngan"]
[Black "Pham, Truong Phu"]
[Result "1-0"]
[WhiteElo "1870"]
[BlackElo "1141"]
[PlyCount "99"]
[EventDate "2019.02.22"]
[EventType "swiss"]
[EventRounds "9"]
[EventCountry "VIE"]
[SourceTitle "EXT 2021"]
[Source "ChessBase"]
[SourceDate "2020.10.23"]
[SourceVersion "1"]
[SourceVersionDate "2020.10.23"]
[SourceQuality "1"]

1. e4 e6 2. d4 d5 3. e5 c5 4. c3 Nc6 5. Nf3 cxd4 6. cxd4 f6 7. Bf4 Qb6 8. Qd2 fxe5 9. Bxe5 Nxe5 10. Nxe5 Nf6 11. Nc3 a6 12. Bd3 Bd6 13. 0-0 0-0 14. Nf3 Bd7 15. Rfe1 Rae8 16. Qc2 Re7 17. Rad1 Be8 18. Ng5 h6 19. Nh7 Nxh7 20. Bxh7+ Kh8 21. Re2 Rf6 22. Bd3 Qxd4 23. Bb5 Bxh2+ 24. Kxh2 Qh4+ 25. Kg1 Bxb5 26. Nxb5 axb5 27. Rxd5 Rf8 28. Rxb5 Rd8 29. Rbe5 Red7 30. Rxe6 Qh5 31. Re1 Qf7 32. a3 Rf8 33. Qe2 Qf4 34. Re8 Rdf7 35. Rxf8+ Rxf8 36. Qc2 Qf6 37. b4 Qd4 38. Rd1 Qf4 39. Qd2 Qf5 40. a4 h5 41. f3 h4 42. Qd4 Qh5 43. Qd5 Qh6 44. Qc5 Re8 45. Rd5 b6 46. Qd6 Re6 47. Qf8+ Kh7 48. Qf5+ Rg6 49. Rd6 Qc1+ 50. Kh2 1-0

[Event "VIE-ch U11"]
[Site "Hai Phong"]
[Date "2018.07.07"]
[Round "2"]
[White "Luu, Quoc Viet"]
[Black "Pham, Truong Phu"]
[Result "1/2-1/2"]
[WhiteElo "1904"]
[BlackElo "1865"]
[PlyCount "109"]
[EventDate "2018.07.07"]
[EventType "swiss"]
[EventRounds "9"]
[EventCountry "VIE"]
[SourceTitle "EXT 2019"]
[Source "ChessBase"]
[SourceDate "2018.10.10"]
[SourceVersion "1"]
[SourceVersionDate "2018.10.10"]
[SourceQuality "1"]

1. d4 d5 2. c4 c6 3. Nc3 Nf6 4. Bf4 e6 5. e3 Be7 6. Nf3 Nbd7 7. h3 0-0 8. Be2 b6 9. cxd5 Nxd5 10. Nxd5 cxd5 11. 0-0 Bb7 12. Rc1 Rc8 13. Qa4 a5 14. Ne5 Nxe5 15. Bxe5 Bd6 16. Bxd6 Qxd6 17. a3 g6 18. Rc3 Rxc3 19. bxc3 Rc8 20. Qb3 Ba8 21. Rb1 Rb8 22. Bb5 Qc7 23. Rc1 Qd6 24. a4 Rc8 25. Rc2 Kg7 26. Qb2 h6 27. Qc1 Bb7 28. c4 dxc4 29. Rxc4 Qd5 30. f3 Rxc4 31. Qxc4 Qxc4 32. Bxc4 Bc6 33. Bb3 b5 34. axb5 Bxb5 35. Kf2 Kf6 36. e4 Ke7 37. g3 Kd6 38. Ke3 Kc6 39. f4 Bf1 40. h4 Kb5 41. Kd2 Kb4 42. Ba2 Ka3 43. Bb1 Kb2 44. Bc2 Bb5 45. d5 exd5 46. exd5 a4 47. Bxa4 Bxa4 48. Kd3 Kc1 49. Ke4 f6 50. d6 Bc6+ 51. Kd4 Kd2 52. Kc5 Ba4 53. g4 Ke3 54. g5 fxg5 55. h5 1/2-1/2

[Event "VIE-ch U11"]
[Site "Hai Phong"]
[Date "2018.07.07"]
[Round "1"]
[White "Nguyen, Huynh Quoc Vy"]
[Black "Pham, Truong Phu"]
[Result "0-1"]
[WhiteElo "1891"]
[BlackElo "1865"]
[PlyCount "106"]
[EventDate "2018.07.07"]
[EventType "swiss"]
[EventRounds "9"]
[EventCountry "VIE"]
[SourceTitle "EXT 2019"]
[Source "ChessBase"]
[SourceDate "2018.10.10"]
[SourceVersion "1"]
[SourceVersionDate "2018.10.10"]
[SourceQuality "1"]

1. e4 e6 2. d4 d5 3. Nc3 Nf6 4. e5 Nfd7 5. Nf3 Be7 6. Be2 0-0 7. 0-0 c5 8. Nb5 a6 9. Nd6 Bxd6 10. exd6 cxd4 11. Qxd4 Nc6 12. Qg4 Nf6 13. Qf4 Ne4 14. Be3 f6 15. Bd3 e5 16. Qh4 Bf5 17. Bxe4 Bxe4 18. Nd2 Bxc2 19. Rfc1 Bg6 20. Bc5 Qd7 21. Nb3 Rac8 22. Bb6 Nb8 23. Bc7 Qb5 24. Rc5 Qd3 25. Na5 b6 26. Bxb6 Rxc5 27. Bxc5 Nd7 28. Ba3 Rc8 29. Qa4 Qb5 30. Qxb5 axb5 31. Nb7 d4 32. f3 Rc2 33. Rd1 Bf5 34. g4 Be6 35. Ra1 d3 36. Rd1 Bc4 37. b3 Rxa2 38. bxc4 Rxa3 39. cxb5 Rb3 40. Nd8 Nc5 41. Nc6 Kf7 42. Ne7 Ke6 43. Nf5 Rxb5 44. Nxg7+ Kxd6 45. Ne8+ Ke7 46. Nc7 Rb2 47. Nd5+ Kf7 48. Ne3 Re2 49. Nf5 d2 50. Kf1 Rxh2 51. Ne3 Na4 52. Nc4 Rh1+ 53. Ke2 Nc3+ 0-1